Statistics for Overpixelized Country Shapes

Click here to take the quiz!

General Stats

  • This quiz has been taken 3 times
  • The average score is 14 of 16

Answer Stats

Answer% Correct
Azerbaijan
100%
Bangladesh
100%
Brazil
100%
Chad
100%
Czech Republic
100%
Eritria
100%
India
100%
Laos
100%
Mauritania
100%
Morocco
100%
Niger
100%
Gambia
67%
Latvia
67%
Malawi
67%
Paraguay
67%
Comoros
33%

Score Distribution

Percentile by Number Answered

Percent of People with Each Score

Your Score History

You have not taken this quiz